Criminalité et répression (Record no. 162592)

MARC details
000 -LEADER
campo de control de longitud fija 00638nam a2200181 i 4500
001 - NÚMERO DE CONTROL
campo de control 162592
003 - IDENTIFICADOR DE NÚMERO DE CONTROL
campo de control ES-MaACL
005 - FECHA Y HORA DE LA ÚLTIMA TRANSACCIÓN
campo de control 20250809034611.0
008 - DATOS DE LONGITUD FIJA--INFORMACIÓN GENERAL
campo de control de longitud fija 011030s1886 be |||| | fre d
100 1# - ENTRADA PRINCIPAL--NOMBRE DE PERSONA
Nombre de persona Prins, Adolphe.
9 (RLIN) 93985
245 10 - MENCIÓN DEL TÍTULO
Título Criminalité et répression
Resto del título : essai de science penale /
Mención de responsabilidad, etc. par Adolphe Prins.
260 ## - PUBLICACIÓN, DISTRIBUCIÓN, ETC.
Lugar de publicación, distribución, etc. Bruxelles :
Nombre del editor, distribuidor, etc. Librairie Européenne C. Muquardt, Merzbach et Falk,
Fecha de publicación, distribución, etc. 1886 (
Fabricante P. Weissenbruch)
300 ## - DESCRIPCIÓN FÍSICA
Extensión 202 p. ;
Dimensiones 23 cm.
650 #7 - PUNTO DE ACCESO ADICIONAL DE MATERIA--TÉRMINO DE MATERIA
Término de materia o nombre geográfico como elemento de entrada Derecho penal
Fuente del encabezamiento o término embne
9 (RLIN) 11749
752 ## - ENTRADA AGREGADA--NOMBRE JERÁRQUICO DEL LUGAR
País o entidad superior Bélgica -
Ciudad Bruselas
852 ## - LOCALIZACIÓN
Ubicación ES-MaACL
Número de control de estantería D-212
Nota libre - Enc. hol.
-- . - Donativo Lastres
Holdings
Estatus retirado Estado de pérdida Estado de daño No para préstamo Colección Biblioteca de origen Biblioteca actual Ubicación en estantería Fecha de adquisición Fuente de adquisición Total de préstamos Signatura topográfica completa Código de barras Visto por última vez Precio de reemplazo Tipo de ítem Koha
        Libros del s. XIX Biblioteca del Ateneo de Madrid Biblioteca del Ateneo de Madrid Sala Valle Inclán 17/01/2008     D-212 901170336 23/02/2023 23/02/2023 Libro impreso antiguo